Near earth objects, our celestial neighbors-opportunity and risk (Record no. 16599)

MARC details
000 -LEADER
fixed length control field 01080nam a2200241Ia 4500
003 - CONTROL NUMBER IDENTIFIER
control field IN-BaIIA
008 - FIXED-LENGTH DATA ELEMENTS--GENERAL INFORMATION
fixed length control field 211028s9999 xx 000 0 eng d
020 ## - INTERNATIONAL STANDARD BOOK NUMBER
International Standard Book Number 0-521-86345-7
040 ## - CATALOGING SOURCE
Transcribing agency IIA Library
080 ## - UNIVERSAL DECIMAL CLASSIFICATION NUMBER
Universal Decimal Classification number 082.2:52
Item number IAU-S236
111 ## - MAIN ENTRY--MEETING NAME
Meeting name or jurisdiction name as entry element Symposium of the International Astronomical Union
Number of part/section/meeting 236th
Location of meeting Czech Republic
Date of meeting or treaty signing 2006 Aug. 14-18
9 (RLIN) 30903
245 #0 - TITLE STATEMENT
Title Near earth objects, our celestial neighbors-opportunity and risk
Remainder of title proceedings of the 236th symposium of the IAU held in Prague, Czech Republic, 14-18 August, 2006
Statement of responsibility, etc. edited by Andrea Milani, Giovanni B. Valsecchi and David Vokrouhlicky
260 ## - PUBLICATION, DISTRIBUTION, ETC.
Place of publication, distribution, etc. Cambridge
Name of publisher, distributor, etc. Cambridge University Press
Date of publication, distribution, etc. 2007
300 ## - PHYSICAL DESCRIPTION
Extent xxiv, 500p.
490 ## - SERIES STATEMENT
Series statement IAU symposium; no. 236
650 ## - SUBJECT ADDED ENTRY--TOPICAL TERM
Topical term or geographic name entry element Comets-Congresses
9 (RLIN) 30050
650 ## - SUBJECT ADDED ENTRY--TOPICAL TERM
Topical term or geographic name entry element Near-Earth asteroids-Congresses
9 (RLIN) 30904
650 ## - SUBJECT ADDED ENTRY--TOPICAL TERM
Topical term or geographic name entry element Outer space-Exploration-Congresses.
9 (RLIN) 30905
700 ## - ADDED ENTRY--PERSONAL NAME
Personal name Valsecchi, Giovanni B., ed.
9 (RLIN) 30906
700 ## - ADDED ENTRY--PERSONAL NAME
Personal name Vokrouhlicky, David, ed.
9 (RLIN) 30907
710 ## - ADDED ENTRY--CORPORATE NAME
Corporate name or jurisdiction name as entry element International Astronomical Union
942 ## - ADDED ENTRY ELEMENTS (KOHA)
Koha item type Books
Holdings
Withdrawn status Lost status Damaged status Not for loan Home library Current library Shelving location Date acquired Source of acquisition Cost, normal purchase price Total Checkouts Full call number Barcode Date last seen Cost, replacement price Price effective from Koha item type Purchase Price
        IIA Library-Bangalore IIA Library-Bangalore General Stacks 30/08/2007 EDS 5137.94   082.2:52/ IAU-S236 17521 05/11/2021 5137.94 30/08/2007 Books Rs. 5137.94

Powered by Koha